000 00548nam a2200181Ia 4500
008 100920s9999 xx 000 0 und d
082 _b46086
_a891.463.1 थ 82
100 _aरामपुरे बा.धों.
245 _aफिरकी.
260 _bमेहता पब्लिशिंग हाऊस, पुणे 30.
_c1982
300 _a124
_bसाधी
365 _b15
520 _aलघुकथा.
630 _aफिरकी.
650 _aलघुकथा.
730 _aफिरकी.
942 _cBOOK
999 _c694115
_d694112